[Event "ICS rated blitz match"]
[Site "204.178.125.65"]
[Date "2001.09.22"]
[Round "?"]
[White "Danimir"]
[Black "Hossa"]
[Result "1/2-1/2"]
[WhiteElo "2407"]
[BlackElo "2595"]
[PlyCount "124"]
[EventDate "2001.??.??"]

1. d4 Nf6 2. e3 g6 3. c3 d5 4. f4 Bg7 5. Nf3 O-O 6. Bd3 Nbd7 7. O-O c5 8. Nbd2
Qc7 9. Qe2 Ng4 10. Ne5 Ndxe5 11. fxe5 c4 12. Bc2 f5 13. Nf3 Bd7 14. Bd2 Qb6 15.
Rfb1 Qd8 16. h3 Nh6 17. Be1 Nf7 18. Bh4 Rc8 19. Ng5 Nxg5 20. Bxg5 Ra8 21. Rf1
Bc6 22. Kh1 Qd7 23. Rae1 Qc7 24. Qf2 h6 25. Bf4 Qd7 26. Bh2 Ba4 27. Bb1 Qe6 28.
Qh4 Rad8 29. Rf2 Qd7 30. Ref1 Ra8 31. g4 fxg4 32. Qxg4 Qxg4 33. hxg4 Kh7 34.
Kg2 Rxf2+ 35. Rxf2 Rf8 36. Rxf8 Bxf8 37. e4 Bc6 38. Kf3 Kg7 39. exd5 Bxd5+ 40.
Be4 e6 41. Bf4 Bc6 42. Bxc6 bxc6 43. b3 cxb3 44. axb3 h5 45. gxh5 gxh5 46. Ke4
Kg6 47. c4 h4 48. d5 cxd5+ 49. cxd5 exd5+ 50. Kxd5 Kf5 51. Bh2 h3 52. e6 a5 53.
Bc7 Bb4 54. Bh2 Kg5 55. Kc6 Kf6 56. Kd7 Bc5 57. Bg3 Bb4 58. Bh4+ Kf5 59. Bg3
Kf6 60. Bh4+ Kf5 61. Bg3 Kf6 62. Bh4+ Kf5 {Game drawn by repetition} 1/2-1/2

[Event "ICS rated blitz match"]
[Site "204.178.125.65"]
[Date "2001.09.22"]
[Round "?"]
[White "Hossa"]
[Black "winner3"]
[Result "0-1"]
[WhiteElo "2587"]
[BlackElo "2816"]
[PlyCount "80"]
[EventDate "2001.??.??"]

1. d4 Nf6 2. c4 e6 3. Nf3 c5 4. g3 cxd4 5. Nxd4 Qa5+ 6. Nc3 Bb4 7. Bd2 Qb6 8.
Ncb5 Bc5 9. e3 O-O 10. b4 Bxd4 11. Nxd4 d6 12. a4 e5 13. a5 Qc7 14. Nb5 Qc6 15.
f3 Be6 16. Bd3 a6 17. Na3 e4 18. fxe4 Nxe4 19. Bxe4 Qxe4 20. O-O Bg4 21. Qc2
Qe6 22. Qd3 Nc6 23. Qd5 Rfe8 24. b5 Qxd5 25. cxd5 Ne5 26. bxa6 bxa6 27. Kg2
Rab8 28. Bc3 Be2 29. Rf2 Bd3 30. Rf4 Rb3 31. Bxe5 dxe5 32. Ra4 Rd8 33. e4 Rb2+
34. Kh3 Rd6 35. Re1 f5 36. Re2 Rh6+ 37. Kg2 Rxe2+ 38. Kf3 Rhxh2 39. exf5 h5 40.
Nc2 Rhf2# {Hossa checkmated} 0-1

[Event "ICS rated blitz match"]
[Site "204.178.125.65"]
[Date "2001.09.22"]
[Round "?"]
[White "winner3"]
[Black "Hossa"]
[Result "1-0"]
[WhiteElo "2823"]
[BlackElo "2580"]
[PlyCount "111"]
[EventDate "2001.??.??"]

1. d4 Nf6 2. c4 e6 3. Nf3 b6 4. g3 Ba6 5. Nbd2 Bb7 6. Bg2 c5 7. dxc5 bxc5 8.
O-O Be7 9. Nb1 O-O 10. Nc3 d6 11. Qb3 Bc6 12. Bf4 Nh5 13. Be3 Na6 14. Rfd1 Nf6
15. Nb5 Rb8 16. Bf4 Bxb5 17. cxb5 Nc7 18. Ne5 Rxb5 19. Nc6 Rxb3 20. Nxd8 Rb6
21. Nc6 Ncd5 22. Nxe7+ Nxe7 23. Bxd6 Re8 24. b3 Ned5 25. Bxc5 Ra6 26. Rdc1 Nd7
27. Bd4 f5 28. Bxd5 exd5 29. Rc7 Rd6 30. Kf1 a6 31. Rac1 g5 32. Rb7 h6 33. Rcc7
Re7 34. Ra7 Kf7 35. Bc5 Nxc5 36. Rxe7+ Kf6 37. Rh7 Ke5 38. Rae7+ Kd4 39. Rhf7
Ne4 40. Rxf5 Nc3 41. h4 gxh4 42. Rf4+ Ne4 43. f3 hxg3 44. fxe4 Rg6 45. e5+ Kc3
46. Rf6 Rg5 47. Rc7+ Kd4 48. e6 Ke5 49. e7 Kxf6 50. e8=Q Kf5 51. Rf7+ Kg4 52.
Qe6+ Kh5 53. Kg2 Rg4 54. Rf6 a5 55. Rxh6+ Kg5 56. Qf6# {Hossa checkmated} 1-0

[Event "ICS rated blitz match"]
[Site "204.178.125.65"]
[Date "2001.09.22"]
[Round "?"]
[White "Hossa"]
[Black "tictoc"]
[Result "0-1"]
[WhiteElo "2574"]
[BlackElo "2190"]
[PlyCount "193"]
[EventDate "2001.??.??"]

1. Nf3 a6 2. e4 b5 3. d4 Bb7 4. Bd3 e6 5. O-O Be7 6. Qe2 Nf6 7. e5 Nd5 8. Bd2
f5 9. Ng5 O-O 10. Qh5 h6 11. Nf3 Nc6 12. Bxh6 gxh6 13. Qg6+ Kh8 14. Qxh6+ Kg8
15. Qg6+ Kh8 16. c3 Qe8 17. Qh6+ Kg8 18. Ng5 Bxg5 19. Qxg5+ Kh7 20. Be2 Qg6 21.
Qxg6+ Kxg6 22. g3 Rh8 23. h4 Rag8 24. Bf3 Kf7 25. Bxd5 exd5 26. Kh2 Ne7 27. Nd2
f4 28. Rg1 Nf5 29. Nf3 fxg3+ 30. fxg3 Ne3 31. Rae1 Ng4+ 32. Kh3 Nf2+ 33. Kg2
Ne4 34. Kh2 d6 35. g4 Bc8 36. g5 Ke7 37. Ref1 Nxg5 38. exd6+ Kxd6 39. Rxg5 Rxg5
40. Nxg5 Rxh4+ 41. Kg3 Rg4+ 42. Kf2 Rxg5 43. Rh1 Bf5 44. Rh8 Be4 45. Ke3 Rg2
46. Rh6+ Kd7 47. Rxa6 Rxb2 48. Ra5 Kc6 49. a4 b4 50. cxb4 Rxb4 51. Ra6+ Kb7 52.
Ra5 c6 53. Rc5 Rxa4 54. Rc3 Rb4 55. Ra3 Kb6 56. Ra8 Kb5 57. Rc8 Ra4 58. Rc7 Kb6
59. Rc8 Ra3+ 60. Kf4 Bd3 61. Rb8+ Kc7 62. Rb2 Bb5 63. Rg2 Ra1 64. Rh2 Re1 65.
Rd2 Re4+ 66. Kf5 Bc4 67. Rd1 Kd6 68. Kg5 Re8 69. Rh1 Rf8 70. Kg4 Rf2 71. Rh6+
Kc7 72. Kg3 Rd2 73. Rh4 Bd3 74. Kf4 Re2 75. Kf3 Re4 76. Rh7+ Kb6 77. Rh2 Rxd4
78. Rb2+ Bb5 79. Rh2 Rd3+ 80. Kf4 Kc5 81. Kf5 Re3 82. Rh4 Re4 83. Rh8 Kd4 84.
Rb8 Bd3 85. Kf6 c5 86. Ra8 c4 87. Rc8 c3 88. Ra8 c2 89. Ra1 Rf4+ 90. Ke7 Rf1
91. Ra4+ Bc4 92. Kd8 c1=Q 93. Ra7 Qg5+ 94. Kc8 Rf8+ 95. Kc7 Qe7+ 96. Kb6 Qc5+
97. Kb7 {Hossa resigns} 0-1

[Event "ICS rated blitz match"]
[Site "204.178.125.65"]
[Date "2001.09.22"]
[Round "?"]
[White "tictoc"]
[Black "Hossa"]
[Result "0-1"]
[WhiteElo "2209"]
[BlackElo "2545"]
[PlyCount "66"]
[EventDate "2001.??.??"]

1. a3 d5 2. b4 e5 3. Bb2 Bd6 4. e3 Nf6 5. Be2 O-O 6. Nf3 e4 7. Nd4 c6 8. O-O
Qc7 9. h3 a5 10. Nb3 axb4 11. axb4 Rxa1 12. Bxa1 Bxb4 13. Bxf6 gxf6 14. f4 f5
15. Qe1 Be7 16. Nc3 Bf6 17. Kh2 Kh8 18. Rg1 Re8 19. g4 fxg4 20. Bxg4 Bxg4 21.
hxg4 Bxc3 22. dxc3 Qd6 23. Qh4 Nd7 24. Rg3 Qf6 25. g5 Qxc3 26. Nd4 Qd2+ 27. Kh3
Qe1 28. Kg4 c5 29. Nb3 Qe2+ 30. Kf5 Qxc2 31. Rh3 Nf8 32. Qh6 Qxb3 33. Qf6+ Kg8
{tictoc resigns} 0-1

[Event "ICS rated blitz match"]
[Site "204.178.125.65"]
[Date "2001.09.22"]
[Round "?"]
[White "tictoc"]
[Black "Hossa"]
[Result "0-1"]
[WhiteElo "2201"]
[BlackElo "2553"]
[PlyCount "58"]
[EventDate "2001.??.??"]

1. c4 Nf6 2. Nc3 d5 3. cxd5 Nxd5 4. g3 g6 5. Bg2 c6 6. d3 Bg7 7. Bd2 O-O 8. Rc1
Nxc3 9. Bxc3 Bxc3+ 10. Rxc3 Qa5 11. a3 Be6 12. Nf3 Qh5 13. Qc1 Na6 14. Ng5 Bc8
15. h3 f6 16. Ne4 Qb5 17. Nc5 Nxc5 18. Rxc5 Qb6 19. O-O e5 20. d4 exd4 21. Qc4+
Kg7 22. Qxd4 Bf5 23. e4 Rad8 24. Qc3 Be6 25. b4 Rd7 26. f4 Qd8 27. f5 Rd3 28.
Qa1 gxf5 29. e5 Rxg3 {tictoc resigns} 0-1

[Event "ICS rated blitz match"]
[Site "204.178.125.65"]
[Date "2001.09.22"]
[Round "?"]
[White "tictoc"]
[Black "Hossa"]
[Result "1/2-1/2"]
[WhiteElo "2193"]
[BlackElo "2561"]
[PlyCount "192"]
[EventDate "2001.??.??"]

1. c4 e5 2. g3 Nf6 3. Bg2 Nc6 4. Nc3 g6 5. Nf3 Bg7 6. O-O O-O 7. d3 d6 8. Bg5
h6 9. Bxf6 Bxf6 10. Rb1 Be6 11. b4 Qd7 12. Nd5 Bg7 13. Qa4 a5 14. b5 Ne7 15.
Nd2 Nxd5 16. cxd5 Bf5 17. Rfc1 Bf6 18. Qc4 Rfc8 19. Ne4 Bg7 20. Nc3 Bg4 21. e3
Bh3 22. Bh1 Re8 23. Ne2 Rac8 24. Qa4 Qg4 25. Qxg4 Bxg4 26. Nc3 Re7 27. Bg2 f5
28. h3 Bh5 29. Na4 g5 30. Nb6 Rf8 31. Nc4 b6 32. Rc2 f4 33. Be4 fxg3 34. fxg3
Be8 35. a4 h5 36. Nd2 g4 37. hxg4 Bh6 38. Nf1 hxg4 39. Rbc1 Rff7 40. Kg2 Kg7
41. Re1 Rf6 42. Rf2 Bd7 43. Rxf6 Kxf6 44. Nd2 Rf7 45. Rf1+ Ke7 46. Rxf7+ Kxf7
47. Kf2 Bg5 48. Nc4 Bf6 49. Nd2 Kg8 50. Nc4 Bg5 51. Nd2 Kg7 52. Nc4 Be7 53. Kg2
Kh6 54. Kf2 Bf6 55. Kg2 Kg5 56. Kf2 Be7 57. Kg2 Kf6 58. Kf2 Be8 59. Kg2 Bf8 60.
Kf2 Bd7 61. Ke2 Be7 62. Kf2 Be8 63. Ke2 Bf7 64. Kf2 Kg5 65. Ke2 Bf6 66. Kf2 Be8
67. Ke2 Bh5 68. Kf2 Bg7 69. Ke2 Kf6 70. Kf2 Bf7 71. Ke2 Be8 72. Kf2 Bd7 73. Ke2
Kg5 74. Kf2 Bf6 75. Ke2 Bc8 76. Kf2 Be7 77. Ke2 Bd8 78. Kf2 Kh6 79. Ke2 Bf6 80.
Kf2 Kg7 81. Ke2 Bd7 82. Kf2 Bd8 83. Ke2 Kf6 84. Kf2 Be7 85. Ke2 Kg5 86. Kf2 Bf8
87. Ke2 Bh6 88. Kf2 Bc8 89. Ke2 Bg7 90. Kf2 Kh6 91. Ke2 Bd7 92. Kf2 Kg5 93. Ke2
Kf6 94. Kf2 Kf7 95. Ke2 Bc8 96. Kf2 Kf6 {Game drawn by the 50 move rule}
1/2-1/2

[Event "ICS rated blitz match"]
[Site "204.178.125.65"]
[Date "2001.09.22"]
[Round "?"]
[White "Hossa"]
[Black "supergustaf"]
[Result "1-0"]
[WhiteElo "2548"]
[BlackElo "2410"]
[PlyCount "59"]
[EventDate "2001.??.??"]

1. e4 c5 2. Nc3 Nc6 3. f4 g6 4. Nf3 Bg7 5. Bc4 e6 6. O-O Nge7 7. e5 d5 8. exd6
Nf5 9. Bb5 O-O 10. Bxc6 bxc6 11. Ne4 c4 12. Ne5 Bb7 13. Nxc4 Ba6 14. d3 Rb8 15.
c3 Rb5 16. Qa4 Bb7 17. Qxa7 Qd7 18. Ne5 Qc8 19. g4 Nh4 20. c4 Rxe5 21. fxe5
Bxe5 22. Qf2 f5 23. Nc5 Bf6 24. g5 Be5 25. d7 Qc7 26. Qxh4 Bd4+ 27. Qxd4 e5 28.
Bf4 exf4 29. Ne6 Qb8 30. Qg7# {supergustaf checkmated} 1-0

[Event "ICS rated blitz match"]
[Site "204.178.125.65"]
[Date "2001.09.22"]
[Round "?"]
[White "supergustaf"]
[Black "Hossa"]
[Result "0-1"]
[WhiteElo "2400"]
[BlackElo "2558"]
[PlyCount "66"]
[EventDate "2001.??.??"]

1. e4 d5 2. exd5 Nf6 3. Nc3 Nxd5 4. Bc4 Nxc3 5. bxc3 e6 6. d4 Be7 7. Nf3 O-O 8.
O-O Nc6 9. Re1 Bd7 10. Rb1 b6 11. Bd3 h6 12. Ne5 Nxe5 13. Rxe5 c5 14. Be3 Qc7
15. Qg4 f5 16. Qg5 hxg5 17. f4 Bf6 18. fxg5 Bxe5 19. dxe5 Qxe5 20. Bf2 Qxc3 21.
Rf1 c4 22. Be2 Qxc2 23. Bf3 Qxa2 24. Bg3 Rac8 25. Be5 c3 26. g6 Qd2 27. Bb7
Qe3+ 28. Kh1 Qxe5 29. Be4 fxe4 30. Re1 c2 31. g3 c1=Q 32. Kg2 Rc2+ 33. Kh3 Qh5#
{supergustaf checkmated} 0-1

[Event "ICS rated standard match"]
[Site "204.178.125.65"]
[Date "2001.09.22"]
[Round "?"]
[White "Hossa"]
[Black "BrazilianMaster"]
[Result "0-1"]
[WhiteElo "2391"]
[BlackElo "2631"]
[PlyCount "153"]
[EventDate "2001.??.??"]

1. e4 e6 2. d4 d5 3. Nc3 dxe4 4. Nxe4 Bd7 5. Bd3 Bc6 6. Nf3 Nd7 7. c3 Ngf6 8.
Nxf6+ Qxf6 9. Bg5 Bxf3 10. Qd2 Bxg2 11. Bxf6 Bxh1 12. Bh4 Bd6 13. Qg5 O-O 14.
Qh5 g6 15. Qh6 Rfe8 16. O-O-O Bd5 17. Kb1 e5 18. Ka1 exd4 19. cxd4 c6 20. Bg5
Re6 21. Rg1 Bf8 22. Qh4 Rae8 23. Be3 Bg7 24. Qg5 Nb6 25. h3 Bc4 26. Bf5 R6e7
27. b3 Ba6 28. Kb2 Nd5 29. Bc2 Nxe3 30. fxe3 Rxe3 31. Kc1 Bxd4 32. Qh4 c5 33.
Rd1 b6 34. b4 Bc4 35. bxc5 bxc5 36. Rxd4 cxd4 37. Qxd4 Bxa2 38. Kb2 Re2 39. Qg4
f5 40. Qa4 Bf7 41. Qd7 f4 42. Qb7 f3 43. Qxf3 Rh2 44. Qb7 Ree2 45. Kb1 Rxc2 46.
Qb8+ Kg7 47. Qe5+ Kf8 48. Qd6+ Ke8 49. Qe5+ Kd7 50. Qd4+ Ke7 51. Qb4+ Ke8 52.
Qe4+ Kd8 53. Qd4+ Kc7 54. Qf4+ Kb6 55. Qxf7 Rb2+ 56. Ka1 Rbe2 57. Qb3+ Kc5 58.
Qc3+ Kd5 59. Qd3+ Ke5 60. Qg3+ Ke4 61. Qg4+ Kd3 62. Qg3+ Kc2 63. Qc7+ Kd1 64.
Qd7+ Ke1 65. Qxh7 Kf1 66. Qf7+ Rhf2 67. Qc4 g5 68. Qb5 a6 69. Qd3 Kg1 70. Qg3+
Kh1 71. Qb8 Re1+ 72. Qb1 Rxb1+ 73. Kxb1 Kh2 74. Kc1 Kxh3 75. Kd1 g4 76. Kc1 g3
77. Kb1 {Hossa resigns} 0-1

[Event "ICS rated standard match"]
[Site "204.178.125.65"]
[Date "2001.09.22"]
[Round "?"]
[White "BrazilianMaster"]
[Black "Hossa"]
[Result "1-0"]
[WhiteElo "2637"]
[BlackElo "2385"]
[PlyCount "86"]
[EventDate "2001.??.??"]

1. d4 Nf6 2. c4 e6 3. Nc3 Bb4 4. Qc2 O-O 5. a3 Bxc3+ 6. Qxc3 b6 7. Bg5 Ba6 8.
Nf3 Bb7 9. e3 d6 10. Bd3 Nbd7 11. Qc2 h6 12. Bh4 c5 13. O-O Bxf3 14. gxf3 cxd4
15. exd4 Rc8 16. b4 Qc7 17. Rac1 Rfe8 18. Kh1 Qb7 19. Qd1 Nh5 20. Rg1 b5 21. c5
Ndf6 22. Bxf6 Nxf6 23. Qe2 a6 24. Rg2 Red8 25. Rcg1 Ne8 26. Be4 Qe7 27. Qe3
dxc5 28. dxc5 Qh4 29. Bb7 Rb8 30. c6 g6 31. Rxg6+ fxg6 32. Qxe6+ Kh8 33. Qxg6
Qg5 34. Rxg5 hxg5 35. Qf7 Rd4 36. Qf8+ Kh7 37. c7 Nxc7 38. Qxb8 Ne6 39. Be4+
Kg7 40. Qe5+ Kf7 41. Bd5 Rxd5 42. Qxd5 Kf6 43. Qb7 Kf5 {Hossa resigns} 1-0

[Event "ICS rated standard match"]
[Site "204.178.125.65"]
[Date "2001.09.22"]
[Round "?"]
[White "Hossa"]
[Black "BrazilianMaster"]
[Result "0-1"]
[WhiteElo "2379"]
[BlackElo "2643"]
[PlyCount "143"]
[EventDate "2001.??.??"]

1. e4 c5 2. Nc3 Nc6 3. f4 g6 4. Nf3 Bg7 5. Bc4 e6 6. O-O Nge7 7. e5 Nf5 8. g4
d5 9. gxf5 dxc4 10. f6 Bh6 11. Qe2 Bxf4 12. Qxc4 Bxe5 13. Nxe5 Nxe5 14. Qxc5
Nd7 15. Qf2 Qb6 16. Ne4 Qxf2+ 17. Kxf2 O-O 18. b3 b6 19. Ba3 Rd8 20. Be7 Ba6
21. Bxd8 Bxf1 22. Be7 Bb5 23. d4 Bc6 24. Ke3 b5 25. c4 bxc4 26. bxc4 Rb8 27.
Nc3 Rb2 28. d5 exd5 29. cxd5 Bb7 30. Rh1 h5 31. h4 Rg2 32. Rh3 Rg4 33. Kf2 Rf4+
34. Ke3 Rc4 35. Kd2 Ne5 36. Ke2 Rd4 37. Re3 Ba6+ 38. Ke1 Nd3+ 39. Kd2 Nb4+ 40.
Kc1 Nxd5 41. Nxd5 Rxd5 42. Ra3 Bf1 43. Rxa7 Rd4 44. a4 Rxh4 45. Kd2 Re4 46.
Ra8+ Kh7 47. Rf8 Bc4 48. a5 Be6 49. Rb8 Ra4 50. Rb6 Bf5 51. Rb5 h4 52. Kc3 h3
53. Bd6 Ra2 54. Re5 Kh6 55. Re7 g5 56. Rxf7 Kg6 57. Rf8 Rxa5 58. Kd4 Be6 59.
Bg3 g4 60. Ke4 Ra3 61. Bf4 Bf7 62. Be5 g3 63. Rh8 g2 64. Bh2 Kxf6 65. Bg1 Kg5
66. Bc5 Bg6+ 67. Kd4 g1=Q+ 68. Kc4 Qg4+ 69. Kd5 Rd3+ 70. Kc6 Qd7+ 71. Kb6 Rb3+
72. Bb4 {Hossa resigns} 0-1

[Event "ICS rated standard match"]
[Site "204.178.125.65"]
[Date "2001.09.22"]
[Round "?"]
[White "BrazilianMaster"]
[Black "Hossa"]
[Result "1-0"]
[WhiteElo "2649"]
[BlackElo "2373"]
[PlyCount "110"]
[EventDate "2001.??.??"]

1. c4 Nf6 2. g3 e5 3. Bg2 d5 4. cxd5 Nxd5 5. Nf3 Nc6 6. O-O Nb6 7. d3 Be7 8.
Nbd2 O-O 9. a3 Be6 10. b4 a5 11. b5 Na7 12. a4 Bb4 13. Bb2 f6 14. d4 exd4 15.
Nxd4 Bd5 16. Qc2 Bxd2 17. Qxd2 Bxg2 18. Kxg2 Nc4 19. Qc2 Nxb2 20. Qxb2 Qd5+ 21.
f3 Qe5 22. e4 Rfd8 23. Qa2+ Kh8 24. Nf5 Qe8 25. Rad1 g6 26. Ne3 Kg7 27. Qb2 Qe7
28. Nd5 Qf7 29. Qc3 c6 30. Nb6 Qa2+ 31. Rf2 Qe6 32. Rc1 Rab8 33. Qxa5 Nc8 34.
bxc6 bxc6 35. Nd5 Ne7 36. Nxe7 Qxe7 37. Rxc6 Rd7 38. Qc3 Rbd8 39. a5 h5 40. a6
h4 41. gxh4 Rb8 42. h5 gxh5 43. Kh3 Rd6 44. Rg2+ Kf7 45. a7 Ra8 46. Kh4 f5+ 47.
Kh3 Rxc6 48. Qxc6 Qe8 49. Qd5+ Qe6 50. Qb7+ Kf8 51. Qxa8+ Ke7 52. Qb7+ Kd6 53.
Qb6+ Ke5 54. f4+ Kxf4 55. Qxe6 Ke3 {Hossa resigns} 1-0

[Event "ICS rated standard match"]
[Site "204.178.125.65"]
[Date "2001.09.22"]
[Round "?"]
[White "BrazilianMaster"]
[Black "Hossa"]
[Result "1-0"]
[WhiteElo "2658"]
[BlackElo "2368"]
[PlyCount "81"]
[EventDate "2001.??.??"]

1. d4 Nf6 2. c4 e6 3. Nf3 b6 4. g3 Bb4+ 5. Bd2 Bxd2+ 6. Qxd2 Ba6 7. Qc2 Nc6 8.
Bg2 O-O 9. O-O Bb7 10. Nc3 Nb4 11. Qa4 c5 12. dxc5 bxc5 13. a3 Bc6 14. Qd1 Na6
15. Qd3 Rb8 16. Rab1 Rb6 17. b3 Qe7 18. Rfd1 Rfb8 19. Ne1 Bxg2 20. Nxg2 Rxb3
21. Rxb3 Rxb3 22. Nd5 exd5 23. Qxb3 Qxe2 24. Rb1 g5 25. cxd5 Qe4 26. Qb5 Nxd5
27. Re1 Ndc7 28. Qxd7 Qd4 29. Qc8+ Kg7 30. Ne3 Qd2 31. Rd1 Qe2 32. Qf5 Qh5 33.
Rd6 Ne8 34. Qe5+ f6 35. Nf5+ Kg8 36. Qe6+ Kh8 37. Rd8 Qd1+ 38. Rxd1 Nac7 39.
Qf7 h6 40. Nxh6 g4 41. Qg8# {Hossa checkmated} 1-0

[Event "ICS rated standard match"]
[Site "204.178.125.65"]
[Date "2001.09.22"]
[Round "?"]
[White "Hossa"]
[Black "BrazilianMaster"]
[Result "0-1"]
[WhiteElo "2363"]
[BlackElo "2663"]
[PlyCount "99"]
[EventDate "2001.??.??"]

1. e4 e5 2. Nf3 Nc6 3. Bc4 Bc5 4. c3 Nf6 5. d4 exd4 6. e5 d5 7. exf6 dxc4 8.
fxg7 Rg8 9. Bg5 Be7 10. Bh6 d3 11. O-O Qd6 12. Qd2 Bg4 13. Qe3 Bxf3 14. gxf3
O-O-O 15. Kh1 Qf6 16. Qf4 Rd6 17. Qxf6 Rxf6 18. Bg5 Rxf3 19. Nd2 Rh3 20. Bxe7
Nxe7 21. Rg1 Rh4 22. b3 b5 23. a4 b4 24. Rac1 Nd5 25. bxc4 Nxc3 26. Rce1 Ne2
27. Rg2 f5 28. Rb1 a5 29. Nb3 Rxc4 30. Nxa5 Rc3 31. Nb3 c5 32. Rg5 c4 33. Nd2
b3 34. Rxf5 Rxg7 35. Rc5+ Rc7 36. Rg5 Rc1+ 37. Rxc1 Nxc1 38. Ne4 b2 39. Nc3 Ne2
40. Rb5 Nxc3 41. Rxb2 Ne4 42. Kg2 c3 43. Rb4 d2 44. Rxe4 Rg7+ 45. Kh3 d1=Q 46.
Kh4 Qd6 47. Rc4+ Kd7 48. Rd4 Qxd4+ 49. Kh5 Qg4+ 50. Kh6 {Hossa resigns} 0-1

[Event "ICS rated blitz match"]
[Site "204.178.125.65"]
[Date "2001.09.23"]
[Round "?"]
[White "superfreak"]
[Black "Hossa"]
[Result "0-1"]
[WhiteElo "2014"]
[BlackElo "2571"]
[PlyCount "70"]
[EventDate "2001.??.??"]

1. d3 d5 2. e3 e5 3. c3 Bd6 4. f3 Ne7 5. b3 O-O 6. Ne2 a5 7. a4 c6 8. g3 b6 9.
Bg2 Ba6 10. O-O Nd7 11. Ba3 Nc5 12. Bxc5 Bxc5 13. d4 Nf5 14. Qd2 exd4 15. exd4
Bxe2 16. Qxe2 Nxd4 17. cxd4 Bxd4+ 18. Kh1 Bxa1 19. Nd2 Bd4 20. Qd3 Bc5 21. f4
Re8 22. f5 Qe7 23. f6 Qe2 24. Qxe2 Rxe2 25. Nf3 gxf6 26. Nh4 Rb2 27. Nf5 Rxb3
28. h3 Ra3 29. Rf4 Ra1+ 30. Bf1 Re8 31. Nh6+ Kg7 32. Nf5+ Kf8 33. Rh4 Rxf1+ 34.
Kg2 Rf2+ 35. Kg1 Re1# {superfreak checkmated} 0-1

[Event "ICS rated blitz match"]
[Site "204.178.125.65"]
[Date "2001.09.23"]
[Round "?"]
[White "Hossa"]
[Black "superfreak"]
[Result "1-0"]
[WhiteElo "2572"]
[BlackElo "2013"]
[PlyCount "105"]
[EventDate "2001.??.??"]

1. e4 e6 2. d4 d6 3. Bc4 c6 4. Bd3 Be7 5. Nf3 Nd7 6. O-O g6 7. Nc3 Bf6 8. Ne2
Bg7 9. Bf4 e5 10. dxe5 dxe5 11. Be3 Ne7 12. Qc1 O-O 13. Bh6 Nc5 14. Bxg7 Nxd3
15. Qh6 f6 16. Bxf8 Qxf8 17. Qxf8+ Kxf8 18. cxd3 Be6 19. d4 exd4 20. Nexd4 Bf7
21. Rfd1 Re8 22. Ne2 Be6 23. Nfd4 Bc8 24. f3 Kf7 25. Kf2 a6 26. Rac1 Ng8 27.
Rd3 Ne7 28. g4 g5 29. Nf5 Nxf5 30. gxf5 h6 31. Rcd1 Ke7 32. Rd6 Kf7 33. Ng3 Ke7
34. e5 fxe5 35. Rxh6 Rf8 36. Rh7+ Rf7 37. Rxf7+ Kxf7 38. Rd8 e4 39. Rxc8 exf3
40. Rc7+ Kf6 41. Kxf3 Ke5 42. Re7+ Kd6 43. f6 g4+ 44. Kxg4 b5 45. Ne4+ Kd5 46.
Rd7+ Ke6 47. Rd6+ Kf7 48. Ng5+ Ke8 49. f7+ Ke7 50. Re6+ Kf8 51. Re8+ Kg7 52.
f8=B+ Kg8 53. Bh6# {superfreak checkmated} 1-0

[Event "ICS rated blitz match"]
[Site "204.178.125.65"]
[Date "2001.09.23"]
[Round "?"]
[White "superfreak"]
[Black "Hossa"]
[Result "0-1"]
[WhiteElo "2012"]
[BlackElo "2573"]
[PlyCount "32"]
[EventDate "2001.??.??"]

1. h3 e5 2. b3 d5 3. Bb2 d4 4. e4 Bd6 5. d3 Ne7 6. Nd2 O-O 7. Nc4 Bb4+ 8. Nd2
f5 9. f3 fxe4 10. dxe4 Be6 11. Bd3 Ng6 12. Ne2 Nh4 13. Rh2 Qg5 14. a3 Nxf3+ 15.
gxf3 Rxf3 16. axb4 Qh4+ {superfreak resigns} 0-1

[Event "ICS rated blitz match"]
[Site "204.178.125.65"]
[Date "2001.09.23"]
[Round "?"]
[White "gringo"]
[Black "Hossa"]
[Result "0-1"]
[WhiteElo "2069"]
[BlackElo "2610"]
[PlyCount "36"]
[EventDate "2001.??.??"]

1. e4 c5 2. Nf3 Nc6 3. d4 cxd4 4. Nxd4 g6 5. Nc3 Bg7 6. Be3 Nf6 7. Bc4 O-O 8.
Bb3 d6 9. f3 Bd7 10. Qd2 Rc8 11. O-O-O Ne5 12. h4 h5 13. Bg5 Nc4 14. Qe2 Na5
15. g4 hxg4 16. h5 Nxb3+ 17. axb3 Qa5 18. Kb1 Qxg5 {gringo resigns} 0-1

[Event "ICS rated blitz match"]
[Site "204.178.125.65"]
[Date "2001.09.23"]
[Round "?"]
[White "gringo"]
[Black "Hossa"]
[Result "0-1"]
[WhiteElo "2068"]
[BlackElo "2611"]
[PlyCount "82"]
[EventDate "2001.??.??"]

1. e4 d5 2. exd5 Nf6 3. d4 Bg4 4. Nf3 Nxd5 5. Be2 Nc6 6. O-O e6 7. c4 Nb6 8.
Nc3 Bb4 9. Be3 Bxf3 10. Bxf3 Bxc3 11. bxc3 Nxc4 12. Qa4 N4a5 13. c4 O-O 14. d5
Ne5 15. Qxa5 Nxf3+ 16. gxf3 b6 17. Qd2 Qf6 18. f4 Rfe8 19. Kh1 Qh4 20. Rg1 Rad8
21. Rg3 exd5 22. Rag1 g6 23. cxd5 Rd6 24. Qd4 c6 25. Qa4 Rxd5 26. Qxc6 Red8 27.
Qc4 Rh5 28. R3g2 Rf8 29. Qd4 Qh3 30. Bd2 Rc8 31. Bc1 Rf8 32. Bb2 f6 33. Qd5+
Rxd5 34. Bc3 Qxc3 35. a3 Qxa3 36. Rf1 Qf3 37. Rfg1 Rd1 38. Rxd1 Qxd1+ 39. Rg1
Qf3+ 40. Rg2 Re8 41. h3 Qxh3+ {gringo resigns} 0-1

[Event "ICS rated blitz match"]
[Site "204.178.125.65"]
[Date "2001.09.23"]
[Round "?"]
[White "gringo"]
[Black "Hossa"]
[Result "0-1"]
[WhiteElo "2066"]
[BlackElo "2614"]
[PlyCount "36"]
[EventDate "2001.??.??"]

1. e4 c5 2. Nf3 e6 3. d4 cxd4 4. Nxd4 a6 5. Nc3 b5 6. Be2 Bb4 7. Be3 Bxc3+ 8.
bxc3 Bb7 9. f3 Ne7 10. Qd2 Qc7 11. Rd1 O-O 12. O-O Rc8 13. Nb3 d5 14. exd5 Nxd5
15. Bd4 e5 16. Bc5 a5 17. c4 a4 18. cxd5 axb3 {gringo resigns} 0-1

[Event "ICS rated blitz match"]
[Site "204.178.125.65"]
[Date "2001.09.23"]
[Round "?"]
[White "Hossa"]
[Black "DuongThanh"]
[Result "1-0"]
[WhiteElo "2615"]
[BlackElo "2282"]
[PlyCount "71"]
[EventDate "2001.??.??"]

1. e4 e6 2. d4 d5 3. Nc3 Nf6 4. e5 Nfd7 5. Nce2 c5 6. f4 Nc6 7. c3 cxd4 8. Nxd4
Nxd4 9. cxd4 Bb4+ 10. Bd2 Qa5 11. Nf3 Bxd2+ 12. Qxd2 Qxd2+ 13. Kxd2 Nb6 14. Rc1
Bd7 15. Bd3 Bc6 16. Ke3 g6 17. Rc2 Ke7 18. Rhc1 Rac8 19. b3 Bd7 20. a4 Rxc2 21.
Rxc2 Rc8 22. Rxc8 Bxc8 23. g4 Nd7 24. h4 Nb8 25. Ng5 h6 26. Nh7 Nd7 27. Bb5 Nb8
28. Nf6 a6 29. Be8 Kf8 30. a5 Kg7 31. Ba4 Kf8 32. Kd2 Nc6 33. Bxc6 bxc6 34. Kc3
g5 35. fxg5 hxg5 36. h5 {DuongThanh resigns} 1-0

[Event "ICS rated blitz match"]
[Site "204.178.125.65"]
[Date "2001.09.23"]
[Round "?"]
[White "DuongThanh"]
[Black "Hossa"]
[Result "0-1"]
[WhiteElo "2278"]
[BlackElo "2619"]
[PlyCount "88"]
[EventDate "2001.??.??"]

1. d4 Nf6 2. c4 e6 3. Nc3 Bb4 4. Qc2 O-O 5. a3 Bxc3+ 6. Qxc3 b6 7. Bg5 h6 8.
Bh4 c5 9. e3 Bb7 10. Nf3 cxd4 11. exd4 a5 12. Be2 d5 13. b3 a4 14. O-O axb3 15.
Qxb3 dxc4 16. Bxc4 Ra5 17. Rfd1 Rh5 18. Bg3 Nc6 19. Be2 Ra5 20. Rab1 Nd5 21. a4
Ncb4 22. Bb5 Ba6 23. Bxa6 Rxa6 24. Rdc1 Qd7 25. Ra1 Rfa8 26. Ne5 Qe8 27. h4 b5
28. h5 Rxa4 29. Rxa4 bxa4 30. Qa3 Qe7 31. Rc5 Na6 32. Qxa4 Nb6 33. Qb5 Nxc5 34.
dxc5 Nd5 35. Nf3 f6 36. Bd6 Qf7 37. g4 g6 38. c6 gxh5 39. Qb7 Ra1+ 40. Kg2 hxg4
41. Nd4 e5 42. Nf5 Nf4+ 43. Kg3 Rg1+ 44. Kh4 Qh5# {DuongThanh checkmated} 0-1

[Event "ICS Rated blitz match"]
[Site "204.178.125.65"]
[Date "2001.09.23"]
[Round "?"]
[White "Hossa"]
[Black "DuongThanh"]
[Result "1-0"]
[WhiteElo "2623"]
[BlackElo "2274"]
[PlyCount "37"]
[EventDate "2001.??.??"]

1. e4 e5 2. Nf3 Nc6 3. d4 exd4 4. Nxd4 Nf6 5. Nc3 Bb4 6. Nxc6 bxc6 7. Bd2 d5 8.
exd5 cxd5 9. Bb5+ Bd7 10. Qe2+ Qe7 11. Bxd7+ Kxd7 12. Be3 Bxc3+ 13. bxc3 c6 14.
Rb1 Rhb8 15. O-O Qa3 16. Rxb8 Rxb8 17. Qd3 Ke8 18. Bd4 h6 19. Qg3 {
DuongThanh resigns} 1-0